[Event "Junior Online 4NCL Division 3"]
[Site "online"]
[Date "2020.04.16"]
[Round "1.54"]
[White "Mehta, Sophie"]
[Black "Jain, Ekansh Rajesh"]
[Result "1/2-1/2"]
[WhiteElo "1360"]
[BlackElo "1337"]
[PlyCount "121"]
[EventDate "2020.04.16"]
[WhiteTeam "Leicestershire Juniors 1"]
[BlackTeam "St Albans Early Knights 2"]

1. e4 e5 2. Nf3 Nc6 3. Bc4 h6 4. Nc3 Nf6 5. O-O Nxe4 6. Nxe4 d5 7. Nc3 dxc4 8.
Re1 Bd6 9. b3 cxb3 10. cxb3 O-O 11. Bb2 Re8 12. Qc2 Nb4 13. Qb1 b6 14. Nb5 f6
15. a3 Ba6 16. Nxd6 Qxd6 17. axb4 Bd3 18. Qa2 e4 19. Nd4 Qxb4 20. Nc6 Qxd2 21.
b4+ Kh8 22. Bd4 Qf4 23. Be3 Qd6 24. Nd4 Qxb4 25. Nf5 Re5 26. Nh4 Rh5 27. Ng6+
Kh7 28. Qf7 Qd6 29. Bf4 Qc5 30. Rac1 Qf5 31. Rxc7 Qxg6 32. Qxg6+ Kxg6 33. f3
Rh4 34. Bg3 Rh5 35. fxe4 Re8 36. Rxa7 Bxe4 37. Kh1 b5 38. Bd6 Re6 39. Bc7 Re7
40. Bb6 Rxa7 41. Bxa7 b4 42. Rxe4 b3 43. Rb4 Ra5 44. Rxb3 Rxa7 45. Rg3+ Kf7 46.
h4 g5 47. hxg5 hxg5 48. Kh2 Kg6 49. Kh3 Ra4 50. Rg4 Rxg4 51. Kxg4 f5+ 52. Kf3
g4+ 53. Kf4 Kf6 54. g3 Kg6 55. Ke5 Kg5 56. Kd4 f4 57. gxf4+ Kxf4 58. Kd3 g3 59.
Ke2 g2 60. Kf2 g1=Q+ 61. Kxg1 1/2-1/2

[Event "Junior Online 4NCL Division 3"]
[Site "online"]
[Date "2020.04.16"]
[Round "1.55"]
[White "Pyun, Lindsay"]
[Black "Shaporenkov, Robert"]
[Result "1-0"]
[WhiteElo "1495"]
[BlackElo "1427"]
[PlyCount "63"]
[EventDate "2020.04.16"]
[WhiteTeam "Leicestershire Juniors 1"]
[BlackTeam "St Albans Early Knights 2"]

1. e4 d6 2. d4 Nf6 3. Nc3 g6 4. Nf3 Bg7 5. Bd3 Nbd7 6. O-O b6 7. Be3 Bb7 8. Re1
e5 9. d5 c6 10. Bc4 c5 11. a4 a5 12. Nb5 O-O 13. Nxd6 Qc7 14. Nb5 Qb8 15. Qd3
Ba6 16. Nc3 Bxc4 17. Qxc4 Qb7 18. Nb5 Qb8 19. Rad1 Rd8 20. h3 Qb7 21. Nd6 Qb8
22. Nb5 Qb7 23. Bg5 h6 24. Bxf6 Nxf6 25. Nxe5 Bf8 26. Nf3 Re8 27. e5 Rad8 28.
exf6 Bd6 29. Rxe8+ Rxe8 30. Nxd6 Qd7 31. Nxe8 Qxe8 32. d6 1-0

[Event "Junior Online 4NCL Division 3"]
[Site "online"]
[Date "2020.04.16"]
[Round "1.56"]
[White "Cowan, James"]
[Black "Tang, Joshua"]
[Result "1/2-1/2"]
[WhiteElo "1390"]
[BlackElo "1495"]
[PlyCount "67"]
[EventDate "2020.04.16"]
[WhiteTeam "St Albans Early Knights 2"]
[BlackTeam "Leicestershire Juniors 1"]

1. e4 d5 2. exd5 Nf6 3. Nf3 e6 4. dxe6 Bxe6 5. Nc3 Bd6 6. d3 c5 7. Be2 Nc6 8.
Bg5 O-O 9. Ne4 Be7 10. Nxf6+ Bxf6 11. Bxf6 Qxf6 12. c3 Rfe8 13. O-O Qg6 14. g3
Bh3 15. Re1 Ne5 16. Nh4 Qc6 17. f3 c4 18. d4 Ng6 19. Nxg6 fxg6 20. b3 b5 21. a4
a6 22. axb5 axb5 23. Rxa8 Rxa8 24. d5 Qc5+ 25. Kh1 Rd8 26. Bf1 Bxf1 27. Rxf1
Rxd5 28. Qe2 cxb3 29. Qe8+ Qf8 30. Qe6+ Qf7 31. Qc8+ Qf8 32. Qe6+ Qf7 33. Qc8+
Qf8 34. Qe6+ 1/2-1/2

[Event "Junior Online 4NCL Division 3"]
[Site "online"]
[Date "2020.04.16"]
[Round "1.57"]
[White "Powell, Henry"]
[Black "Ravithas, Ashwin"]
[Result "1-0"]
[WhiteElo "1382"]
[BlackElo "1382"]
[PlyCount "43"]
[EventDate "2020.04.16"]
[WhiteTeam "Leicestershire Juniors 1"]
[BlackTeam "St Albans Early Knights 2"]

1. e4 e5 2. Nf3 Nc6 3. Bb5 d6 4. O-O Nf6 5. Re1 Be7 6. c3 O-O 7. d4 exd4 8.
cxd4 Bd7 9. Nc3 Re8 10. e5 dxe5 11. dxe5 Ng4 12. h3 Nh6 13. Bxh6 gxh6 14. Qd2
Bg5 15. Qc2 Kh8 16. Rad1 Qc8 17. Nxg5 hxg5 18. Nd5 Rxe5 19. Qc3 Kg8 20. Rxe5
Kf8 21. Re8+ Qxe8 22. Qh8# 1-0

[Event "Junior Online 4NCL Division 3"]
[Site "online"]
[Date "2020.04.16"]
[Round "1.58"]
[White "Jain, Ekansh Rajesh"]
[Black "Mehta, Sophie"]
[Result "0-1"]
[WhiteElo "1337"]
[BlackElo "1360"]
[PlyCount "122"]
[EventDate "2020.04.16"]
[WhiteTeam "St Albans Early Knights 2"]
[BlackTeam "Leicestershire Juniors 1"]

1. e4 e6 2. Nc3 d5 3. d3 Nc6 4. Nf3 Nf6 5. Bf4 d4 6. e5 dxc3 7. bxc3 Nd5 8. c4
Nxf4 9. d4 Bb4+ 10. Nd2 Qxd4 11. Bd3 Nxd3+ 12. cxd3 Qxd3 13. h3 Bxd2+ 14. Qxd2
Qxd2+ 15. Kxd2 Nxe5 16. Ke1 Nxc4 17. Rc1 b5 18. a4 a6 19. axb5 axb5 20. Ke2 Ba6
21. Rhd1 Nb2 22. Rd2 b4+ 23. Ke1 Nd3+ 24. Rxd3 Bxd3 25. Rxc7 O-O 26. Rd7 Bf5
27. g4 Be4 28. Rd4 Bg2 29. Rxb4 Bxh3 30. Ke2 h6 31. Kf3 f5 32. gxf5 Rxf5+ 33.
Kg3 Bf1 34. Kg4 Rg5+ 35. Kf4 Rh5 36. Rb6 Rf5+ 37. Ke4 Ra4+ 38. Ke3 Re5+ 39. Kf3
Be2+ 40. Kg3 Ree4 41. Rb8+ Kh7 42. Rb2 Ra3+ 43. Kg2 Bg4 44. f3 Rea4 45. fxg4
Ra2 46. Rf2 Rxf2+ 47. Kxf2 Rxg4 48. Kf3 Rg6 49. Ke4 h5 50. Ke5 h4 51. Kf4 h3
52. Kf3 h2 53. Ke3 h1=Q 54. Kd4 Qd5+ 55. Ke3 Qc4 56. Kf3 Rg5 57. Ke3 Ra5 58.
Kd2 Ra3 59. Kd1 Qa2 60. Kc1 Rh3 61. Kd1 Rh1# 0-1

[Event "Junior Online 4NCL Division 3"]
[Site "online"]
[Date "2020.04.16"]
[Round "1.61"]
[White "Agrawal, Ansh"]
[Black "Whelan, Joseph"]
[Result "0-1"]
[WhiteElo "1607"]
[BlackElo "1547"]
[PlyCount "62"]
[EventDate "2020.04.16"]
[WhiteTeam "Warwickshire Bears B"]
[BlackTeam "4 Gems"]

1. d4 e6 2. c4 d5 3. Nc3 c6 4. cxd5 exd5 5. Nf3 Nf6 6. Bf4 Nbd7 7. e3 Be7 8.
Be2 O-O 9. O-O h6 10. Re1 Bb4 11. a3 Bxc3 12. bxc3 Ne4 13. Qc2 Ndf6 14. Bd3 Bf5
15. Nh4 Bh7 16. Be5 Ng4 17. f3 Qxh4 18. fxe4 Nxe5 19. dxe5 dxe4 20. Bc4 Rae8
21. Qb3 b5 22. Be2 Rxe5 23. Rf1 Qg5 24. Rf4 Rf5 25. Rxf5 Bxf5 26. c4 bxc4 27.
Bxc4 Bh3 28. g3 Qf6 29. Rd1 Qf3 30. Bf1 Be6 31. Qc3 Qxd1 0-1

[Event "Junior Online 4NCL Division 3"]
[Site "online"]
[Date "2020.04.16"]
[Round "1.62"]
[White "Gogia, Abeer"]
[Black "Kukreja, Karan"]
[Result "1-0"]
[WhiteElo "1427"]
[BlackElo "1540"]
[PlyCount "105"]
[EventDate "2020.04.16"]
[WhiteTeam "4 Gems"]
[BlackTeam "Warwickshire Bears B"]

1. e4 c6 2. d4 d5 3. exd5 cxd5 4. c4 Nf6 5. Nc3 Bg4 6. f3 Bf5 7. Bd3 Bxd3 8.
Qxd3 e6 9. Bg5 dxc4 10. Qxc4 Nbd7 11. Qd3 Be7 12. Nge2 O-O 13. Qd2 a6 14. O-O
b5 15. a3 Nb6 16. Rac1 Rc8 17. Rb1 Nbd5 18. Nxd5 Nxd5 19. Bxe7 Qxe7 20. Nc3
Nxc3 21. bxc3 Qxa3 22. Rfc1 Rc4 23. Ra1 Qd6 24. Ra5 Rfc8 25. Rca1 Rxc3 26. Rxa6
Qd5 27. R6a5 R3c4 28. Rd1 Rd8 29. Qb2 Rb8 30. Rb1 Qxd4+ 31. Qxd4 Rxd4 32. Rbxb5
Rbd8 33. Rb7 R4d7 34. Rxd7 Rf8 35. Raa7 h6 36. Kf2 g5 37. Kg3 Kg7 38. h4 Kg6
39. h5+ Kxh5 40. Rxf7 Re8 41. Rae7 Rxe7 42. Rxe7 e5 43. Rxe5 Kg6 44. Ra5 Kg7
45. f4 gxf4+ 46. Kxf4 Kg6 47. g4 Kg7 48. Rh5 Kg6 49. Ke5 Kg7 50. Kf5 Kh7 51.
Kf6 Kg8 52. Rxh6 Kf8 53. Rh8# 1-0

[Event "Junior Online 4NCL Division 3"]
[Site "online"]
[Date "2020.04.16"]
[Round "1.63"]
[White "Johal, Amrissa Kaur"]
[Black "Rizvi, Aysha"]
[Result "0-1"]
[WhiteElo "1487"]
[BlackElo "1345"]
[PlyCount "46"]
[EventDate "2020.04.16"]
[WhiteTeam "Warwickshire Bears B"]
[BlackTeam "4 Gems"]

1. d4 d5 2. Nc3 Nf6 3. Bg5 g6 4. Bxf6 exf6 5. a3 Bg7 6. e4 dxe4 7. d5 O-O 8.
Nxe4 f5 9. Nc3 Re8+ 10. Be2 b6 11. Nf3 Ba6 12. Nd4 c5 13. Nf3 Bxc3+ 14. bxc3
Rxe2+ 15. Qxe2 Bxe2 16. Kxe2 Qe7+ 17. Kd3 Qe4+ 18. Kd2 Qxd5+ 19. Ke3 Nc6 20.
Rhd1 Re8+ 21. Kf4 Qe4+ 22. Kg5 Qg4+ 23. Kf6 Re6# 0-1

[Event "Junior Online 4NCL Division 3"]
[Site "online"]
[Date "2020.04.16"]
[Round "1.64"]
[White "Rizvi, Zara"]
[Black "Sanchez, Margarita"]
[Result "1-0"]
[WhiteElo "1360"]
[BlackElo "1450"]
[PlyCount "101"]
[EventDate "2020.04.16"]
[WhiteTeam "4 Gems"]
[BlackTeam "Warwickshire Bears B"]

1. d4 Nf6 2. c4 g6 3. Nc3 Bg7 4. e4 d6 5. Nf3 Nbd7 6. Be2 O-O 7. O-O e5 8. dxe5
dxe5 9. Bg5 h6 10. Bh4 g5 11. Bg3 Nh5 12. h3 Nxg3 13. fxg3 Qe7 14. Kh2 Nf6 15.
Qd2 g4 16. Nh4 gxh3 17. gxh3 Qe6 18. g4 h5 19. Rg1 Bd7 20. Qg5 hxg4 21. Bxg4
Nxg4+ 22. Rxg4 Qg6 23. Nxg6 fxg6 24. Rg3 Rf2+ 25. Rg2 Rxg2+ 26. Qxg2 Rf8 27.
Qxg6 Rf2+ 28. Kh1 Rxb2 29. Rg1 Kf8 30. Qxg7+ Ke8 31. Qg8+ Ke7 32. Nd5+ Kd6 33.
Qg6+ Kc5 34. Qf7 Bc6 35. Qe7+ Kxc4 36. Rc1+ Kd4 37. Qc5+ Kxe4 38. Qe3+ Kxd5 39.
Rd1+ Ke6+ 40. Kg1 Rg2+ 41. Kf1 Rb2 42. Qh6+ Kf5 43. Qf8+ Ke4 44. Re1+ Kd5 45.
Qf3+ Ke6 46. Qg4+ Kd6 47. Qg6+ Kd5 48. Qf5 Bb5+ 49. Kg1 Kc6 50. Qe6+ Kc5 51.
Qxe5+ 1-0

[Event "Junior Online 4NCL Division 3"]
[Site "online"]
[Date "2020.04.16"]
[Round "1.65"]
[White "Whelan, Joseph"]
[Black "Agrawal, Ansh"]
[Result "1-0"]
[WhiteElo "1547"]
[BlackElo "1607"]
[PlyCount "73"]
[EventDate "2020.04.16"]
[WhiteTeam "4 Gems"]
[BlackTeam "Warwickshire Bears B"]

1. e4 e5 2. Nf3 Nc6 3. Bc4 Bc5 4. c3 Nf6 5. d4 exd4 6. cxd4 Bb4+ 7. Nc3 Nxe4 8.
O-O Bxc3 9. bxc3 O-O 10. Qc2 Nd6 11. Bg5 Ne7 12. Rfe1 Re8 13. Bd3 h6 14. Bh4 b6
15. Bh7+ Kh8 16. Qe2 Kxh7 17. Bxe7 Rxe7 18. Qxe7 Qxe7 19. Rxe7 Kg6 20. Rae1 Nb5
21. Ne5+ Kf6 22. Nxd7+ Bxd7 23. Rxd7 Nxc3 24. Rxc7 Nxa2 25. Rc6+ Kg5 26. Re5+
f5 27. h4+ Kxh4 28. Rg6 Kh5 29. Rxg7 Rf8 30. g4+ Kh4 31. Rxf5 Rxf5 32. gxf5 b5
33. f6 b4 34. f7 b3 35. f8=Q b2 36. Qf4+ Kh5 37. Qg4# 1-0

[Event "Junior Online 4NCL Division 3"]
[Site "online"]
[Date "2020.04.16"]
[Round "1.66"]
[White "Kukreja, Karan"]
[Black "Gogia, Abeer"]
[Result "1/2-1/2"]
[WhiteElo "1540"]
[BlackElo "1427"]
[PlyCount "64"]
[EventDate "2020.04.16"]
[WhiteTeam "Warwickshire Bears B"]
[BlackTeam "4 Gems"]

1. d4 d5 2. Bf4 Nf6 3. Nf3 c5 4. c3 Nc6 5. e3 Bg4 6. Nbd2 e6 7. Be2 Bd6 8. Bxd6
Qxd6 9. h3 Bh5 10. O-O O-O 11. Qb3 Rab8 12. Qd1 cxd4 13. cxd4 Rbc8 14. a3 Qd7
15. Rc1 Bg6 16. b4 Qd6 17. Nb3 b6 18. Bd3 Bxd3 19. Qxd3 Ne7 20. Ne5 Ng6 21.
Nxg6 fxg6 22. Nd2 Rc7 23. Rc3 Rfc8 24. Rfc1 Ne8 25. Nb1 Nf6 26. Nd2 Ne8 27. Nb1
Nf6 28. Rxc7 Rxc7 29. Rxc7 Qxc7 30. Qc3 Ne8 31. g4 Kf7 32. Kg2 h6 1/2-1/2

[Event "Junior Online 4NCL Division 3"]
[Site "online"]
[Date "2020.04.16"]
[Round "1.67"]
[White "Rizvi, Aysha"]
[Black "Johal, Amrissa Kaur"]
[Result "1-0"]
[WhiteElo "1345"]
[BlackElo "1487"]
[PlyCount "151"]
[EventDate "2020.04.16"]
[WhiteTeam "4 Gems"]
[BlackTeam "Warwickshire Bears B"]

1. c4 e5 2. g3 f5 3. Bg2 Nf6 4. Nc3 Bb4 5. a3 Bxc3 6. bxc3 Nc6 7. d4 d6 8. dxe5
Nxe5 9. c5 d5 10. Bg5 Be6 11. Bxf6 gxf6 12. Nf3 Rb8 13. O-O Rg8 14. Bh3 Qd7 15.
Bg2 Nxf3+ 16. exf3 Qg7 17. Re1 Kd7 18. f4 c6 19. c4 Qf7 20. cxd5 Bxd5 21. Bxd5
Qxd5 22. Qxd5+ cxd5 23. Rad1 Kc6 24. Rc1 Rge8 25. h3 h5 26. Rxe8 Rxe8 27. Rb1
Re2 28. Rb4 Re7 29. Ra4 a6 30. Rd4 Rd7 31. Rd2 d4 32. Re2 Kxc5 33. Rc2+ Kb6 34.
Kf1 Ka7 35. Ke1 d3 36. Rb2 b5 37. Kd2 Kb6 38. a4 Ka5 39. axb5 axb5 40. Ra2+ Kb6
41. Rb2 b4 42. Rxb4+ Kc5 43. Ra4 Rd5 44. Ra5+ Kc4 45. Rxd5 Kxd5 46. Kxd3 Ke6
47. Kd4 Kf7 48. Kd5 Kg6 49. Ke6 h4 50. gxh4 Kh5 51. Kxf5 Kxh4 52. Kxf6 Kxh3 53.
f5 Kg4 54. Ke6 Kg5 55. f6 Kg6 56. Ke7 Kg5 57. f7 Kg4 58. f8=Q Kh4 59. Qf6+ Kh5
60. Ke6 Kg4 61. Qe5 Kf3 62. Qd4 Kg2 63. Qe3 Kh2 64. Qf3 Kg1 65. Qe2 Kg2 66.
Qe4+ Kh2 67. f4 Kg3 68. f5 Kf2 69. Qd3 Kg2 70. Qe3 Kh2 71. Qf3 Kg1 72. Qe2 Kh1
73. Ke5 Kg1 74. Kf4 Kh1 75. Kg3 Kg1 76. Qg2# 1-0

[Event "Junior Online 4NCL Division 3"]
[Site "online"]
[Date "2020.04.16"]
[Round "1.68"]
[White "Sanchez, Margarita"]
[Black "Rizvi, Zara"]
[Result "1-0"]
[WhiteElo "1450"]
[BlackElo "1360"]
[PlyCount "73"]
[EventDate "2020.04.16"]
[WhiteTeam "Warwickshire Bears B"]
[BlackTeam "4 Gems"]

1. c4 e6 2. Nc3 d5 3. b3 Nf6 4. g3 Be7 5. Bg2 Nbd7 6. e4 dxc4 7. bxc4 O-O 8.
Nge2 Nc5 9. O-O Rb8 10. h3 b6 11. f4 Bb7 12. Qc2 Qd3 13. Qxd3 Nxd3 14. e5 Bxg2
15. Kxg2 Nd7 16. Rf3 Nxc1 17. Rxc1 Ba3 18. Rcf1 Bc5 19. h4 Rfd8 20. Kh3 Bb4 21.
g4 Nc5 22. Rd1 Bxc3 23. Nxc3 a6 24. f5 exf5 25. gxf5 b5 26. cxb5 axb5 27. f6 g6
28. h5 Re8 29. hxg6 hxg6 30. d4 Ne6 31. Kg4 Red8 32. Rh3 Rd5 33. Ne2 Rxd4+ 34.
Nxd4 Nxd4 35. Rxd4 c5 36. Rd2 Kf8 37. Rh8# 1-0

[Event "Junior Online 4NCL Division 3"]
[Site "online"]
[Date "2020.04.16"]
[Round "1.71"]
[White "Xia, Weiquan"]
[Black "Wang, Yong Gui"]
[Result "1/2-1/2"]
[WhiteElo "1480"]
[BlackElo "1600"]
[PlyCount "210"]
[EventDate "2020.04.16"]
[WhiteTeam "Warwickshire Bears C"]
[BlackTeam "KJCA Young Kestrels C"]

1. d4 Nf6 2. Bf4 g6 3. Nc3 Bg7 4. Nf3 O-O 5. e3 d6 6. Bd3 c5 7. Bc4 a6 8. dxc5
dxc5 9. Qxd8 Rxd8 10. O-O b5 11. Be2 Nc6 12. Rad1 Be6 13. a4 b4 14. Nb1 Bf5 15.
Bd3 Bg4 16. Be2 Nh5 17. Rxd8+ Rxd8 18. Rd1 Rxd1+ 19. Bxd1 Nxf4 20. exf4 Nd4 21.
Nbd2 Nxf3+ 22. Nxf3 Bxb2 23. h3 Bf5 24. Ne1 Kg7 25. a5 Bc3 26. Kf1 c4 27. g4
Be4 28. g5 h6 29. gxh6+ Kxh6 30. f3 Bf5 31. h4 Be6 32. Kf2 b3 33. cxb3 cxb3 34.
Nd3 b2 35. Bc2 Bb3 36. Bb1 Bc4 37. Ne5 Be6 38. Nd3 Bf5 39. Ke2 Kh5 40. Kd1 Kxh4
41. Kc2 Bxd3+ 42. Kxd3 Bf6 43. Kc2 Kg3 44. Ba2 e6 45. Bc4 Kxf4 46. Bxa6 Bd8 47.
Kxb2 Bxa5 48. Bb7 g5 49. Kb3 g4 50. fxg4 Kxg4 51. Kc4 f5 52. Kd3 Kf4 53. Ke2 e5
54. Kf2 e4 55. Ke2 Bb6 56. Bc8 Kg4 57. Be6 e3 58. Bd7 Kf4 59. Bc8 Ke5 60. Bb7
f4 61. Bf3 Kf5 62. Bh5 Kg5 63. Bf3 Kh4 64. Bc6 Kg3 65. Bf3 Bd4 66. Bc6 Kg4 67.
Bf3+ Kf5 68. Bc6 Ke5 69. Bf3 Kd6 70. Kd3 Be5 71. Ke2 Kc5 72. Kd3 Kb4 73. Ke2
Kc3 74. Bh5 Kc2 75. Bf3 Bf6 76. Bh5 Bh4 77. Bf3 Bg3 78. Bh5 Kc3 79. Bf3 Kd4 80.
Bg4 Ke4 81. Bf3+ Kf5 82. Bh5 Kg5 83. Bf3 Kh4 84. Be4 Kh3 85. Bf3 Kh2 86. Bd5
Kg1 87. Bf3 Bf2 88. Bh5 Kg2 89. Bf3+ Kg3 90. Bd5 Bg1 91. Bf3 Bh2 92. Bd5 Kg4
93. Bf3+ Kf5 94. Bh5 Ke5 95. Bf3 Kd4 96. Bh5 Kc3 97. Bf3 Kd4 98. Bh5 Ke5 99.
Bf3 Kf5 100. Bh5 Kg5 101. Bf3 Kh4 102. Bd5 Kg3 103. Bf3 Kh4 104. Bd5 Kg5 105.
Bf3 Kf5 1/2-1/2

[Event "Junior Online 4NCL Division 3"]
[Site "online"]
[Date "2020.04.16"]
[Round "1.72"]
[White "Oprea, Danny"]
[Black "Jayaprabu, Jaden"]
[Result "1-0"]
[WhiteElo "1630"]
[BlackElo "1480"]
[PlyCount "205"]
[EventDate "2020.04.16"]
[WhiteTeam "KJCA Young Kestrels C"]
[BlackTeam "Warwickshire Bears C"]

1. c4 c5 2. g3 Nc6 3. Bg2 Nf6 4. Nc3 e5 5. Nf3 Bd6 6. O-O O-O 7. d3 b6 8. Bg5
h6 9. Bxf6 Qxf6 10. Ne4 Qe6 11. Nxd6 Qxd6 12. Qd2 Bb7 13. a3 Nd4 14. Nxd4 Bxg2
15. Kxg2 exd4 16. e3 Rfe8 17. exd4 Qxd4 18. Rae1 d5 19. Qc3 dxc4 20. dxc4 Rxe1
21. Rxe1 Rd8 22. Re7 Rd7 23. Qxd4 Rxd4 24. Rxa7 Rxc4 25. Ra6 b5 26. Rb6 b4 27.
a4 Rc2 28. Rb5 Rxb2 29. Rxc5 Ra2 30. a5 b3 31. Rb5 b2 32. a6 b1=Q 33. Rxb1 Rxa6
34. Rb8+ Kh7 35. Rb7 Kg6 36. Kh3 Ra5 37. Rb6+ f6 38. Rb4 Kg5 39. Rg4+ Kh5 40.
Rxg7 f5 41. Rf7 Kg6 42. Rb7 h5 43. Rb6+ Kg5 44. Rb8 f4 45. Rg8+ Kf5 46. Rf8+
Kg5 47. Rxf4 Ra8 48. Kg2 Ra1 49. Rb4 Rc1 50. Rb8 Rc6 51. Rg8+ Kf5 52. Rg7 Rd6
53. Kh3 Rd4 54. f4 Kf6 55. Rg8 Kf7 56. Rh8 Kg6 57. Kh4 Rd5 58. Rg8+ Kh6 59. Rg5
Rxg5 60. fxg5+ Kg6 61. h3 Kg7 62. Kxh5 Kh7 63. g4 Kg7 64. h4 Kh7 65. g6+ Kg7
66. Kg5 Kg8 67. h5 Kg7 68. h6+ Kg8 69. Kf6 Kh8 70. Kg5 Kg8 71. h7+ Kh8 72. Kf5
Kg7 73. Ke6 Kh8 74. g5 Kg7 75. Ke7 Kh8 76. g7+ Kxg7 77. g6 Kh8 78. Ke6 Kg7 79.
Kf5 Kh8 80. Kg5 Kg7 81. h8=Q+ Kxh8 82. Kh6 Kg8 83. g7 Kf7 84. Kh7 Kf6 85. g8=Q
Kf5 86. Qg7 Ke6 87. Qf8 Ke5 88. Qf7 Ke4 89. Qf6 Kd5 90. Qe7 Kd4 91. Qe6 Kc3 92.
Qd5 Kb4 93. Qc6 Kb3 94. Qc5 Kb2 95. Qc4 Kb1 96. Qe2 Kc1 97. Kg6 Kb1 98. Kf5 Kc1
99. Ke5 Kb1 100. Kd4 Kc1 101. Kc4 Kb1 102. Kc3 Kc1 103. Qc2# 1-0

[Event "Junior Online 4NCL Division 3"]
[Site "online"]
[Date "2020.04.16"]
[Round "1.73"]
[White "Vas, Ethan"]
[Black "Heard, Tom"]
[Result "0-1"]
[WhiteElo "1412"]
[BlackElo "1517"]
[PlyCount "84"]
[EventDate "2020.04.16"]
[WhiteTeam "Warwickshire Bears C"]
[BlackTeam "KJCA Young Kestrels C"]

1. c4 e5 2. Nc3 Nf6 3. g3 Bc5 4. Bg2 O-O 5. e3 Nc6 6. Nge2 d6 7. O-O Bg4 8. b3
a6 9. Bb2 Rb8 10. Qc2 b5 11. cxb5 axb5 12. d3 b4 13. Na4 Bb6 14. Nxb6 Rxb6 15.
Qd2 d5 16. d4 e4 17. Nf4 h6 18. a3 Qd6 19. Qc2 Ne7 20. Qd2 Ra8 21. Qc1 g5 22.
Qc2 gxf4 23. exf4 bxa3 24. Bxa3 Rxa3 25. Rxa3 Qxa3 26. Qxc7 Rxb3 27. Qd8+ Kg7
28. Qc7 Ng6 29. h3 Bf3 30. Qc6 Bxg2 31. Kxg2 Rf3 32. Qc7 Nxf4+ 33. gxf4 Rxh3
34. Rg1 Qf3+ 35. Kf1+ Ng4 36. Qe5+ f6 37. Qe7+ Kg6 38. Qe8+ Kf5 39. Qd7+ Kxf4
40. Qd6+ Kg5 41. Qxd5+ Kh4 42. Qe6 Qxf2# 0-1

[Event "Junior Online 4NCL Division 3"]
[Site "online"]
[Date "2020.04.16"]
[Round "1.74"]
[White "Ajili, Nour"]
[Black "Patel, Keatan"]
[Result "1-0"]
[WhiteElo "1547"]
[BlackElo "1367"]
[PlyCount "171"]
[EventDate "2020.04.16"]
[WhiteTeam "KJCA Young Kestrels C"]
[BlackTeam "Warwickshire Bears C"]

1. d4 d5 2. c4 Nf6 3. Nc3 e6 4. Bf4 Bb4 5. Qc2 Nc6 6. e3 Ne4 7. Bd3 Nxc3 8.
bxc3 Bd6 9. Bxd6 Qxd6 10. cxd5 exd5 11. Nf3 Bg4 12. Be2 O-O-O 13. Rb1 g6 14.
Qb3 Na5 15. Qb5 b6 16. Qa4 Bf5 17. Rb2 Bd7 18. Ba6+ Kb8 19. Qxa5 Ka8 20. Qb4
Qxb4 21. Rxb4 Bc8 22. Bd3 a5 23. Rb2 Rd6 24. Ne5 Be6 25. h4 f6 26. Nf3 Rc6 27.
Kd2 Kb7 28. c4 dxc4 29. Be4 c3+ 30. Kc2 cxb2+ 31. Kxb2 Bf5 32. Bxc6+ Kxc6 33.
d5+ Kxd5 34. Rd1+ Kc6 35. Nd4+ Kb7 36. Nxf5 gxf5 37. Rd7 h5 38. Kc2 Rg8 39. g3
Kc6 40. Rf7 Rg6 41. Rh7 Rg4 42. Rxh5 Rc4+ 43. Kd2 b5 44. Rxf5 Kb7 45. Rxb5+ Ka6
46. Rf5 Rc6 47. h5 Rd6+ 48. Ke2 Rc6 49. Kd2 Rd6+ 50. Kc3 Rc6+ 51. Kd3 Rd6+ 52.
Kc4 Rc6+ 53. Rc5 Rb6 54. Rxc7 Rb2 55. Rc6+ Kb7 56. Rxf6 Rc2+ 57. Kd3 Rxa2 58.
h6 Ra3+ 59. Kc2 Ra2+ 60. Kb3 Rd2 61. h7 Rd8 62. Ka4 Kc7 63. Kxa5 Rh8 64. Ra6
Kb8 65. Rh6 Kc7 66. Kb5 Kd7 67. g4 Ke7 68. g5 Kf7 69. Kc5 Kg7 70. Kd5 Rd8+ 71.
Rd6 Rxd6+ 72. Kxd6 Kxh7 73. f4 Kg6 74. e4 Kf7 75. f5 Kg7 76. e5 Kf7 77. g6+ Kg7
78. Ke7 Kg8 79. f6 Kh8 80. g7+ Kg8 81. f7+ Kxg7 82. f8=Q+ Kh7 83. Qf4 Kh8 84.
Qg5 Kh7 85. Kf7 Kh8 86. Qh6# 1-0

[Event "Junior Online 4NCL Division 3"]
[Site "online"]
[Date "2020.04.16"]
[Round "1.75"]
[White "Wang, Yong Gui"]
[Black "Xia, Weiquan"]
[Result "1-0"]
[WhiteElo "1600"]
[BlackElo "1480"]
[PlyCount "77"]
[EventDate "2020.04.16"]
[WhiteTeam "KJCA Young Kestrels C"]
[BlackTeam "Warwickshire Bears C"]

1. e4 Nc6 2. d4 d5 3. e5 Bf5 4. f4 e6 5. Nf3 f6 6. Nbd2 Bg4 7. h3 Bxf3 8. Nxf3
fxe5 9. fxe5 Qh4+ 10. Nxh4 O-O-O 11. Qg4 Re8 12. Bb5 Nh6 13. Bxh6 gxh6 14. O-O
Kb8 15. Rf6 Ka8 16. Bxc6 bxc6 17. Rxe6 Rb8 18. Rxc6 Rxb2 19. Qc8+ Rb8 20. Qxc7
Ba3 21. Ra6 Rb7 22. Qa5 Be7 23. Nf5 Bd8 24. Qxd5 Bb6 25. Nd6 Rhb8 26. Nxb7 Rxb7
27. Qg8+ Rb8 28. Qxh7 Bxd4+ 29. Kh1 Rb7 30. Qg8+ Rb8 31. Qd5+ Rb7 32. Qxd4 Rc7
33. Qd8+ Kb7 34. Rxa7+ Kxa7 35. Qxc7+ Ka6 36. Qb8 Ka5 37. e6 Ka4 38. e7 Ka3 39.
Qb3# 1-0

[Event "Junior Online 4NCL Division 3"]
[Site "online"]
[Date "2020.04.16"]
[Round "1.76"]
[White "Jayaprabu, Jaden"]
[Black "Oprea, Danny"]
[Result "0-1"]
[WhiteElo "1480"]
[BlackElo "1630"]
[PlyCount "140"]
[EventDate "2020.04.16"]
[WhiteTeam "Warwickshire Bears C"]
[BlackTeam "KJCA Young Kestrels C"]

1. e4 c5 2. Nf3 Nc6 3. d4 cxd4 4. Nxd4 g6 5. Nc3 Bg7 6. Be3 Nf6 7. Bb5 O-O 8.
O-O a6 9. Bc4 Nxd4 10. Bxd4 d6 11. Re1 Bd7 12. e5 dxe5 13. Bxe5 Bc6 14. Bxf6
Bxf6 15. Bd5 Bxc3 16. Bxc6 Bxe1 17. Bxb7 Rb8 18. Qxd8 Rfxd8 19. Bxa6 Ba5 20. b3
Rd6 21. Bc4 Rbd8 22. Be2 Bc3 23. Rb1 Rd2 24. Bf3 Rxc2 25. a4 Bd4 26. Rf1 Rb8
27. Bd5 e6 28. Bc4 Bc5 29. Rb1 Rxf2 30. Kh1 Ra2 31. h3 Rd8 32. b4 Ba7 33. Bxa2
Rd2 34. Bc4 Rd4 35. Bf1 Bb8 36. a5 e5 37. b5 Rd7 38. a6 e4 39. b6 e3 40. a7
Bxa7 41. bxa7 Rxa7 42. Rb3 Re7 43. Kh2 e2 44. Bxe2 Rxe2 45. Kg3 Re1 46. Kf2 Ra1
47. g4 Kg7 48. g5 h6 49. h4 hxg5 50. hxg5 Ra5 51. Rg3 Rf5+ 52. Ke3 f6 53. gxf6+
Kxf6 54. Rf3 Rxf3+ 55. Kxf3 Kf5 56. Kf2 Kf4 57. Kf1 Kf3 58. Kg1 g5 59. Kf1 g4
60. Kg1 Kg3 61. Kf1 Kh2 62. Kf2 g3+ 63. Kf1 g2+ 64. Kf2 g1=Q+ 65. Ke2 Qg3 66.
Kf1 Qg2+ 67. Ke1 Kg3 68. Kd1 Kf3 69. Ke1 Ke3 70. Kd1 Qd2# 0-1

[Event "Junior Online 4NCL Division 3"]
[Site "online"]
[Date "2020.04.16"]
[Round "1.77"]
[White "Heard, Tom"]
[Black "Vas, Ethan"]
[Result "1-0"]
[WhiteElo "1517"]
[BlackElo "1412"]
[PlyCount "69"]
[EventDate "2020.04.16"]
[WhiteTeam "KJCA Young Kestrels C"]
[BlackTeam "Warwickshire Bears C"]

1. e4 e5 2. Nf3 Nc6 3. Bc4 Bc5 4. c3 d6 5. h3 Bb6 6. d3 h6 7. Nbd2 Nf6 8. Nf1
O-O 9. Ng3 Be6 10. Bb3 d5 11. O-O Qd6 12. Be3 Bxe3 13. fxe3 Qd7 14. exd5 Bxh3
15. dxc6 bxc6 16. gxh3 Qxh3 17. Ne4 Qg4+ 18. Kf2 Nh5 19. Ke2 Qg2+ 20. Rf2 Qg4
21. Qf1 Ng3+ 22. Nxg3 Qxg3 23. Rg2 Qh3 24. Nxe5 Qh5+ 25. Nf3 Rae8 26. Kd2 Rd8
27. d4 c5 28. Ne5 cxd4 29. cxd4 c5 30. Kc3 cxd4+ 31. exd4 Rc8+ 32. Bc4 Rfe8 33.
Rd1 Kh7 34. Qxf7 Qxd1 35. Qxg7# 1-0

[Event "Junior Online 4NCL Division 3"]
[Site "online"]
[Date "2020.04.16"]
[Round "1.78"]
[White "Patel, Keatan"]
[Black "Ajili, Nour"]
[Result "0-1"]
[WhiteElo "1367"]
[BlackElo "1547"]
[PlyCount "48"]
[EventDate "2020.04.16"]
[WhiteTeam "Warwickshire Bears C"]
[BlackTeam "KJCA Young Kestrels C"]

1. e4 c5 2. Nf3 d6 3. Bc4 Nc6 4. O-O Nf6 5. Nc3 Bg4 6. Be2 e6 7. d3 Be7 8. h3
Bxf3 9. Bxf3 O-O 10. Bg5 h6 11. Bxf6 Bxf6 12. Re1 Re8 13. Ne2 Qd7 14. Rb1 Rad8
15. Nf4 Be5 16. Qd2 Nd4 17. Bg4 Nxc2 18. Nxe6 fxe6 19. Qxc2 Rf8 20. Qb3 Rde8
21. a4 Qf7 22. Qd1 Qxf2+ 23. Kh1 Qg3 24. Rf1 Qh2# 0-1